000 00327nam a22001457a 4500
008 210312b ||||| |||| 00| 0 eng d
020 _a0534622267
041 _aeng
080 _210th
_a612.39
082 _210th
_a612.39
100 _a10
101 _aNUT
245 _aUnderstanding Nutrition
_cWhitney,E
942 _2udc
_cBK
999 _c56580
_d56580